Radio y cultura popular de masas

Podemos pensar, de manera ideal, el surgimiento de las identidades nacionales como el resultado de procesos más o menos espontáneos de síntesis entre distintas formas culturales. Es decir, como un proceso que tiene su génesis en el reconocimiento de particularidades, capaces de ser respetadas en sus...

Full description

Bibliographic Details
Main Author: Gutiérrez, Paulina
Corporate Author: CENECA (Chile)
Other Authors: Munizaga, Giselle
Format: Recurso en linea
Language:Spanish
Published: Santiago: CENECA, 1983.
Subjects:
Online Access:Acceso electrónico al documento

MARC

LEADER 00000cab a2200000 a 4500
001 024253
003 UAHC_CL
005 20210412195612.0
008 110603s1983 cl 000 spa
952 |0 0  |1 0  |4 0  |6 RECURSO_ELECTRÓNICO  |7 0  |8 COMP  |9 94555  |a BC  |b BC  |c Digital  |d 2021-04-12  |o RECURSO ELECTRÓNICO  |r 2021-04-12 00:00:00  |w 2021-04-12  |y RL  |z También lo encuentras en bibliografias.academia.cl  |B PER 
999 |c 54122  |d 54122 
040 |a UAHC_CL  |c UAHC_CL  |d UAHC_CL 
100 |a Gutiérrez, Paulina   |9 13632 
245 1 0 |a Radio y cultura popular de masas  |c Paulina Gutiérrez y Giselle Munizaga. 
260 |a Santiago:  |b CENECA,  |c 1983. 
300 |a 30 p. 
500 |a Sitio visitado http://www.archivoceneca.cl/wp-content/uploads/2018/1983/19_1983.pdf, el 08 de Abril de 2021. 
520 |a Podemos pensar, de manera ideal, el surgimiento de las identidades nacionales como el resultado de procesos más o menos espontáneos de síntesis entre distintas formas culturales. Es decir, como un proceso que tiene su génesis en el reconocimiento de particularidades, capaces de ser respetadas en sus rasgos distintivos y a la vez integradas dentro de definiciones más generales. 
650 0 |9 13635  |a Radio   |x Aspectos sociales   |y 1958-1973  |z Chile  
650 0 |9 6698  |a Comunicación  |x Aspectos sociales 
700 |9 13633  |a Munizaga, Giselle  
710 |9 13634  |a CENECA (Chile)  
856 |u http://www.archivoceneca.cl/wp-content/uploads/2018/1983/19_1983.pdf  |3 Acceso electrónico al documento 
900 |a RECURSO ELECTRÓNICO 
942 |c RL